| 000 | 01124cam a2200289 4500 | ||
|---|---|---|---|
| 001 | ABS63599 | ||
| 008 | 000000n2001 000 0 eng u | ||
| 035 | _a(Sirsi) u110747 | ||
| 100 | _aBarrie, G. | ||
| 245 | 4 | _aThe dice men | |
| 260 | _c2001 | ||
| 490 |
_aProperty Week _v66(4) 26 January 2001, 32-36(5) |
||
| 520 | _aQuestions the role of valuers within the property industry and whether or not the figures they provide can be relied upon. Includes an analysis of how the valuation process can be easily distorted, an overview of recent valuation dispute cases, and the results of a survey on valuation methods. Calls for more extensive monitoring of valuers, and firms involved in valuation, by the RICS. | ||
| 590 | _aABS | ||
| 650 | _aCLIENT EXPECTATIONS | ||
| 650 | _aCLIENT SATISFACTION | ||
| 650 | _aINVESTMENT MARKET | ||
| 650 | _aLIABILITY | ||
| 650 | _aMONITORING | ||
| 650 |
_aValuation _96273 |
||
| 650 | _aVALUATION METHODS | ||
| 650 | _aVALUATION PRACTICE | ||
| 650 | _aVALUATION PROCESS | ||
| 650 | _aVALUERS | ||
| 690 | _aVALUATION AND INVESTMENT APPRAISAL-COMMERCIAL | ||
| 942 | _n0 | ||
| 999 |
_c66010 _d66010 |
||